What is College Level Writing?
Guardat en:
| Altres autors: | , , |
|---|---|
| Format: | Desconegut |
| Idioma: | anglès |
| Publicat: |
Urbana, Illinois, USA.
National Council of Teachers of English,
2010
|
| Matèries: | |
| Etiquetes: |
Afegir etiqueta
Sense etiquetes, Sigues el primer a etiquetar aquest registre!
|
MARC
| LEADER | 00000 a2200000 4500 | ||
|---|---|---|---|
| 003 | CL-VaPUC | ||
| 005 | 20210928123915.0 | ||
| 008 | 210225b ||||| |||| 00| 0 eng d | ||
| 999 | |c 432429 |d 432427 | ||
| 020 | |a 9780814156766 | ||
| 040 | |c Pontificia Universidad Católica de Valparaíso | ||
| 082 | |a 808.042071 SUL 2010 |2 22 | ||
| 100 | |a Sullivan, Patrick |9 859116 |e editor | ||
| 245 | |a What is College Level Writing? | ||
| 260 | |a Urbana, Illinois, USA. |b National Council of Teachers of English, |c 2010 | ||
| 300 | |a 2 volúmenes | ||
| 505 | |a v.2. Assignments, readings,and student writing samples | ||
| 583 | |k Cristina Rojas |c 20210225 | ||
| 650 | |a Idioma inglés |x Retórica |9 859685 | ||
| 700 | |a Tinberg, Howard B. |e editor |9 859686 | ||
| 700 | |a Blau, Sheridan D. |e editor |9 859687 | ||
| 852 | |a BIBCUR | ||
| 942 | |2 ddc |c BK | ||
| 952 | |0 0 |1 0 |2 ddc |4 0 |6 808_042071000000000_SUL_2010 |7 0 |9 577562 |a BIBEDU |b BIBEDU |d 2021-02-25 |e 74 |g 36541.00 |h v.2 |i 5582679 |o 808.042071 SUL 2010 |p 5582679 |r 2021-02-25 |t 2 |v 36541.00 |w 2021-02-25 |y BK |k LIT | ||
| 952 | |0 0 |1 0 |2 ddc |4 0 |6 808_042071000000000_SUL_2010 |7 0 |9 577563 |a BIBEDU |b BIBEDU |d 2021-02-25 |e 74 |g 36541.00 |h v.2 |i 5582660 |o 808.042071 SUL 2010 |p 5582660 |r 2021-02-25 |t 1 |v 36541.00 |w 2021-02-25 |y BK |k LIT | ||